1739 1527 1915 1549 1003 1594 1301 1602 1134 1105 1193 1565 1830 1222 1857 1984 1216 1418 1595 1005 1198 1502 1574 1252 1155 1261 1169 1382 1582 1571 1579 1034 1064 1927 1419 1257 1532 1118 1864 1814 1728 1368 1900 1896 1355 1920 1020 1729 1406 1745 1588 1443 1762 1224 1932 1645 1111 1556 1764 1493 1918 1052 1367 1023 1436 1599 1772 1143 1604 1158 1405 1195 1817 1529 1201 1699 1435 1057 1531 1576 1850 1992 1216 1154 1502 1356 1117 1424 1302 1514 1974 1623 1964 1211 1761 1462 1961 1232 1588 BCNSPRNW ULIB Ver.6.0+V

เปลี่ยนเป็นภาษาไทย

Change to English
 แสดงรายละเอียดบรรณานุกรม
  กลับหน้าหลัก

Brief Record : Get Marc (ISO 2709) : E-mail record : QR code < ปิดหน้าต่าง
LEADER : 00000nam 2200000uu 4500
001    13399123785
003     ULIB
008    120829s2557||||th 000 0 tha d
020    ^a9749626931
020    ^a9789749626931
060 04 ^aWY150^bค127ก ล.4
110 2  ^aกระทรวงสาธารณสุข. ^bสถาบันพระบรมราชชนก.^bโครงการสวัสดิการวิชาการ
245 10 ^aการพยาบาลผู้ใหญ่และผู้สูงอายุ เล่ม 4 /^cสถาบันพระบรมราชชนกกระทรวงสาธารณสุข
250    ^aพิมพ์ครั้งที่ 12 (ปรับปรุงครั้งที่1)
260    ^aนนทบุรี :^bโครงการสวัสดิการวิชาการ สถาบันพระบรมราชชนกกระทรวงสาธารณสุข,^c2557
300    ^a[12], 375 หน้า :^bภาพประกอบ ;^c26 ซม.
650  2 ^aGeriatric Nursing
650  7 ^aการพยาบาลผู้สูงอายุ
650  7 ^aการพยาบาลเวชศาสตร์วัยชรา
650  7 ^aผู้สูงอายุ
650  7 ^aภาวะฉุกเฉิน^xการพยาบาล
945    ^p150^l0^i22051
945    ^p150^l0^i22052
945    ^p150^l0^i22053
945    ^p150^l0^i22054
945    ^p150^l0^i22055
945    ^p150^l0^i22056
945    ^p150^l0^i22057
945    ^p150^l0^i22058
945    ^p150^l0^i22059
945    ^p150^l0^i22060
995    ทศพร
999 ^a ใช้งานได้ทุกระบบ
รายการนี้ยังไม่มีแท็ก
คุณยังไม่ได้ล็อกอิน คุณสามารถมีกิจกรรมร่วมกับเว็บไซต์ได้ แต่ต้องล็อกอินก่อน ::
  ล็อกอิน

รายการสื่อสารสนเทศ

ลำดับที่ ประเภท เลขเรียก/บาร์โค้ด สถานที่ สถานะ
1. Book การพยาบาล
หนังสือสำรอง
สถานะ=หนังสือสำรอง
WY150 ค127ก ล.4 ฉ.1 
  Barcode: 22051
ห้องสมุดวิทยาเขตนครสวรรค์
►ส่วนจัดเก็บหนังสือเก่า นว.
บนชั้น
  ขอยืม
2. Book การพยาบาล
Book การพยาบาล
WY150 ค127ก ล.4 ฉ.10 
  Barcode: 22060
ห้องสมุดวิทยาเขตนครสวรรค์
►ส่วนจัดเก็บหนังสือเก่า นว.
บนชั้น
  ขอยืม
3. Book การพยาบาล
Book การพยาบาล
WY150 ค127ก ล.4 ฉ.2 
  Barcode: 22052
ห้องสมุดวิทยาเขตนครสวรรค์
►ส่วนจัดเก็บหนังสือเก่า นว.
บนชั้น
  ขอยืม
4. Book การพยาบาล
Book การพยาบาล
WY150 ค127ก ล.4 ฉ.3 
  Barcode: 22053
ห้องสมุดวิทยาเขตนครสวรรค์
►ส่วนจัดเก็บหนังสือเก่า นว.
บนชั้น
  ขอยืม
5. Book การพยาบาล
Book การพยาบาล
WY150 ค127ก ล.4 ฉ.4 
  Barcode: 22054
ห้องสมุดวิทยาเขตนครสวรรค์
►ส่วนจัดเก็บหนังสือเก่า นว.
บนชั้น
  ขอยืม
6. Book การพยาบาล
Book การพยาบาล
WY150 ค127ก ล.4 ฉ.5 
  Barcode: 22055
ห้องสมุดวิทยาเขตนครสวรรค์
►ส่วนจัดเก็บหนังสือเก่า นว.
บนชั้น
  ขอยืม
7. Book การพยาบาล
Book การพยาบาล
WY150 ค127ก ล.4 ฉ.6 
  Barcode: 22056
ห้องสมุดวิทยาเขตนครสวรรค์
►ส่วนจัดเก็บหนังสือเก่า นว.
ถูกยืม กำหนดส่งวันที่ 4 สิงหาคม 2568
  จอง
8. Book การพยาบาล
Book การพยาบาล
WY150 ค127ก ล.4 ฉ.7 
  Barcode: 22057
ห้องสมุดวิทยาเขตนครสวรรค์
►ส่วนจัดเก็บหนังสือเก่า นว.
บนชั้น
  ขอยืม
9. Book การพยาบาล
Book การพยาบาล
WY150 ค127ก ล.4 ฉ.8 
  Barcode: 22058
ห้องสมุดวิทยาเขตนครสวรรค์
►ส่วนจัดเก็บหนังสือเก่า นว.
บนชั้น
  ขอยืม
10. Book การพยาบาล
Book การพยาบาล
WY150 ค127ก ล.4 ฉ.9 
  Barcode: 22059
ห้องสมุดวิทยาเขตนครสวรรค์
►ส่วนจัดเก็บหนังสือเก่า นว.
บนชั้น
  ขอยืม

รายการใกล้เคียง
    หัวเรื่อง [Geriatric Nursing]
    หัวเรื่อง [การพยาบาลผู้สูงอายุ]
    หัวเรื่อง [การพยาบาลเวชศาสตร์วัยชรา]
    หัวเรื่อง [ผู้สูงอายุ]

BibComment


ยังไม่เคยถูกคอมเมนท์

คอมเมนท์ทรัพยากรรายการนี้
  คอมเมนท์: การพยาบาลผู้ใหญ่..


 Copyright 2026. Bcnsprnw @Library